| 000 | 00477nam a2200181Ia 4500 | ||
|---|---|---|---|
| 008 | 230524s9999 xx 000 0 und d | ||
| 020 | _a8131711323 | ||
| 082 |
_a330.14 _bROB |
||
| 100 | _aS.P.Robbins | ||
| 245 | 0 | _aOrganisational Behaviour 12th ed. | |
| 250 | _a1ST | ||
| 260 |
_aNEW DELHI _bPearson _c2008 |
||
| 300 | _aXXIX;813 | ||
| 500 | _aQuantity Number: 32 | ||
| 650 | _aOrganisational Behaviour | ||
| 700 | _a" Timothy A.Judge , Seema Sanghi,,," | ||
| 942 | _cBK | ||
| 999 |
_c38850 _d38850 |
||